000 01245nam a2200265Ia 4500
003 Ost
005 20260416102353.0
008 260416s9999||||xx |||||||||||||| ||und||
040 _cfsecg
041 _aara
082 _a658
100 _aجمعون، نوال
_eمؤلف
245 0 _aمحاضرات في مقياس مدخل لإدارة الأعمال /
_c نوال جمعون
260 _aالجزائر
_bجامعة الجزائر3: كلية العلوم الإقتصادية، العلوم التجارية وعلوم التسيير
_c2018
300 _a93 ورقة
_c30 سم
504 _aمراجع ص.90
520 _aمدخل إلى ادارة الأعمال، تطور الفكر الاداري، التخطيط، عملية اتخاذ القرارات، التنظيم والهيكل التنظيمي، التوجيه والقيادة، الحفز، الرقابة.
653 _aاتخاذ القرارات
653 _aادارة الاعمال
653 _aالتخطيط
653 _aالتنظيم
653 _aالرقابة
710 _aجامعة الجزائر3: كلية العلوم الإقتصادية، العلوم التجارية وعلوم التسيير
_eناشر علمي
942 _cHANDOUT
999 _c41088
_d41088